Co nového na východních trzích?

Z obsahu dvojstrany: Deväť rizikových faktorov. Energetické systémy Ruska a Ukrajiny "sa rozviedli". Kaliningradská oblasť: zvýhodnený režim. Kazachstan v očakávaní nafty. Ruský export rastie, ale import je ohrozený. Závody hľadajú svoju cestu. Starosti finančníkov.

Saved in:
Bibliographic Details
Format: Book Chapter
Language:Czech
Subjects:
Tags: Add Tag
No Tags, Be the first to tag this record!

MARC

LEADER 00000naa a2200000 4500
001 r020463
005 20230920091628.2
041 0 |a cze 
044 |a CZ 
245 1 0 |a Co nového na východních trzích? 
520 |a Z obsahu dvojstrany: Deväť rizikových faktorov. Energetické systémy Ruska a Ukrajiny "sa rozviedli". Kaliningradská oblasť: zvýhodnený režim. Kazachstan v očakávaní nafty. Ruský export rastie, ale import je ohrozený. Závody hľadajú svoju cestu. Starosti finančníkov. 
610 2 0 |a trh 
610 2 0 |a obchod zahraničný 
610 2 0 |a dovoz 
610 2 0 |a vývoz 
610 2 0 |a situácia hospodárska 
610 2 0 |a energetika 
610 2 0 |a ropa 
610 2 0 |a Rusko 
610 2 0 |a Spoločenstvo nezávislých štátov 
610 2 0 |a Česko